| 000 | 01151nam a2200301 a 4500 | ||
|---|---|---|---|
| 001 | 000111485 | ||
| 003 | CHAP | ||
| 005 | 20220329144213.0 | ||
| 008 | 150512s2015 mx sm |||||||spa d | ||
| 010 | _a107947 | ||
| 011 | _a108919 | ||
| 040 | _cCHAP | ||
| 090 | _aTesis | ||
| 100 | 1 |
_aHernández Medina, María Eyenith _9129361 |
|
| 245 | 1 | 0 |
_aTres virus que presentan un riesgo potencial para el cultivo de la lechuga (Lactuca sativa L.) ante su establecimiento en México _h[En línea] _cpor María Eyenith Hernández Medina. |
| 260 |
_aChapingo, Méx. : _bEl autor, _c2015. |
||
| 500 | _aPara ver el contenido del material haga clic en la liga | ||
| 502 | _aTesis (Ing. Agr. Esp. en Parasitología Agricola) -- UACH. Departamento de Parasitología Agricola | ||
| 590 |
_aE5765TAJ _b05 _c20150512 _lUCH01 _h1138 |
||
| 590 |
_aE5765TAJ _b05 _c20150512 _lUCH01 _h1138 |
||
| 650 | 1 | 4 |
_aLechuga _xCultivo. _9125773 |
| 650 | 1 | 4 |
_aLechuga _xEnfermedades. _965458 |
| 650 | 1 | 4 |
_aVirus del mosaico de la lechuga. _9119955 |
| 856 |
_aFinding aid _uhttp://10.13.5.2/tesis/sist111485.pdf _zTeclea aquí |
||
| 901 | _aBK | ||
| 942 | _cTESIS | ||
| 942 | _n0 | ||
| 999 |
_c107947 _d107947 |
||